000 00523cam a2200205 4500
001 D9840
008 090401t1974 xxu||||| |||| 00| 0 eng d
035 _a(Sirsi) u22814
041 _aeng
050 _a692.3
100 _aWilcox, C.
245 _aCarpentry and joinery work. Part 2: The investigation
260 _aLondon
_bStandard Method of Measurement Developme
_c1974
300 _a22 leaves. 30cm
350 _a0
520 _aFiled at SMMDU/7
700 _aSnape, J.A.
942 _n0
948 _c04/03/1997
999 _c88255
_d88255